[Event "New England op 56th"]
[Site "USA"]
[Date "1996.??.??"]
[Round "1"]
[White "Cherniack, Alex"]
[Black "Nute, Gary Alan"]
[Result "1-0"]
[WhiteElo "2235"]
[BlackElo "2225"]
[PlyCount "55"]
[EventDate "1996.??.??"]
[EventType "swiss"]
[EventRounds "6"]
[EventCountry "USA"]
[SourceTitle "EXT 2001"]
[Source "ChessBase"]
[SourceDate "2000.11.22"]
[SourceVersion "1"]
[SourceVersionDate "2000.11.22"]
[SourceQuality "1"]

1. d4 Nf6 2. c4 e6 3. Nc3 Bb4 4. a3 Bxc3+ 5. bxc3 c5 6. e3 0-0 7. Bd3 d6 8. Ne2 Nc6 9. e4 e5 10. 0-0 Ne8 11. f4 b6 12. Be3 Ba6 13. Qa4 Na5 14. d5 Nf6 15. Rf3 Qd7 16. Qc2 Nxc4 17. Bxc4 Bxc4 18. fxe5 dxe5 19. Rxf6 gxf6 20. Ng3 Qg4 21. Qf2 Qg6 22. Nf5 Rfe8 23. Re1 Rad8 24. Bh6 Qh5 25. h3 Bxd5 26. exd5 Rxd5 27. Re4 Rd1+ 28. Kh2 1-0

[Event "Queen City op 20th"]
[Site "Queen City"]
[Date "1996.??.??"]
[Round "?"]
[White "Curdo, John"]
[Black "Nute, Gary Alan"]
[Result "1-0"]
[WhiteElo "2245"]
[BlackElo "2225"]
[PlyCount "57"]
[EventDate "1996.??.??"]
[EventType "swiss"]
[EventRounds "5"]
[EventCountry "USA"]
[SourceTitle "EXT 2001"]
[Source "ChessBase"]
[SourceDate "2000.11.22"]
[SourceVersion "1"]
[SourceVersionDate "2000.11.22"]
[SourceQuality "1"]

1. e4 c5 2. Nf3 Nc6 3. Bb5 g6 4. 0-0 Bg7 5. c3 Nf6 6. Re1 0-0 7. h3 Qc7 8. d4 cxd4 9. cxd4 a6 10. Bf1 b5 11. Nc3 b4 12. Na4 d6 13. d5 Nb8 14. Be3 Nbd7 15. Rc1 Qb8 16. Nd4 Nxe4 17. Nc6 Qb7 18. Nxe7+ Kh8 19. Bd4 f5 20. Bxg7+ Kxg7 21. Qd4+ Kf7 22. Nc6 Ndc5 23. Nxc5 dxc5 24. Rxc5 Nxc5 25. Re7+ Qxe7 26. Nxe7 Kxe7 27. Qxc5+ Kf7 28. Bc4 a5 29. d6+ 1-0

[Event "Lake Shore Farms 1st"]
[Site "Northwood"]
[Date "1996.??.??"]
[Round "3"]
[White "Nute, Gary Alan"]
[Black "Shannon, Mike"]
[Result "1-0"]
[WhiteElo "2230"]
[BlackElo "1820"]
[PlyCount "71"]
[EventDate "1996.05.11"]
[EventType "swiss"]
[EventRounds "4"]
[EventCountry "USA"]
[SourceTitle "EXT 2005"]
[Source "ChessBase"]
[SourceDate "2004.11.15"]
[SourceVersion "1"]
[SourceVersionDate "2004.11.15"]
[SourceQuality "1"]

1. c4 c5 2. Nf3 Nf6 3. Nc3 Nc6 4. g3 g6 5. Bg2 Bg7 6. 0-0 0-0 7. d4 cxd4 8. Nxd4 Qb6 9. e3 Rd8 10. b3 d6 11. Bb2 a6 12. Qd2 Bd7 13. Nde2 Rac8 14. Nf4 Re8 15. Ncd5 Nxd5 16. Nxd5 Qd8 17. Bxg7 Kxg7 18. e4 b5 19. cxb5 axb5 20. f4 e6 21. Ne3 Qb6 22. Kh1 Qd4 23. Qf2 Qf6 24. Rad1 e5 25. f5 Nd4 26. Nd5 Qg5 27. h4 Qh5 28. Nf6 Kxf6 29. fxg6+ Nf5 30. exf5 Bxf5 31. gxf7 Rf8 32. Bh3 Rxf7 33. Bxf5 Kg7 34. g4 Qh6 35. Qg3 Rc2 36. Bxc2 1-0

[Event "Queen City op 18th"]
[Site "Manchester"]
[Date "1994.02.??"]
[Round "1"]
[White "Nute, Gary Alan"]
[Black "Hertan, Charles E"]
[Result "0-1"]
[WhiteElo "2239"]
[BlackElo "2502"]
[PlyCount "54"]
[EventDate "1994.02.??"]
[EventType "swiss"]
[EventRounds "5"]
[EventCountry "USA"]
[SourceTitle "EXT 2005"]
[Source "ChessBase"]
[SourceDate "2004.11.15"]
[SourceVersion "1"]
[SourceVersionDate "2004.11.15"]
[SourceQuality "1"]

1. Nf3 c5 2. e4 e6 3. c3 Nf6 4. Bd3 d5 5. e5 Nfd7 6. 0-0 Nc6 7. Re1 Qc7 8. Qe2 Be7 9. Bc2 b6 10. a3 g5 11. h3 h5 12. g4 hxg4 13. hxg4 d4 14. Be4 d3 15. Bxd3 Bb7 16. Bb5 a6 17. Ba4 b5 18. Bc2 Ncxe5 19. Be4 Nxf3+ 20. Qxf3 Qh2+ 21. Kf1 Ne5 22. Qg2 Bxe4 23. Rxe4 Qh1+ 24. Qxh1 Rxh1+ 25. Kg2 Rxc1 26. Rxe5 Kd7 27. f3 Rh8 0-1

[Event "New England op 53rd"]
[Site "Lowell"]
[Date "1993.09.06"]
[Round "5"]
[White "Nute, Gary Alan"]
[Black "Fang, Joseph"]
[Result "0-1"]
[WhiteElo "2230"]
[BlackElo "2426"]
[PlyCount "48"]
[EventDate "1993.09.??"]
[EventType "swiss"]
[EventRounds "6"]
[EventCountry "USA"]
[SourceTitle "EXT 2001"]
[Source "ChessBase"]
[SourceDate "2000.11.22"]
[SourceVersion "1"]
[SourceVersionDate "2000.11.22"]
[SourceQuality "1"]

1. Nf3 g6 2. g3 Bg7 3. Bg2 d6 4. c4 f5 5. d4 Nf6 6. Nc3 0-0 7. 0-0 Qe8 8. Bg5 e5 9. dxe5 dxe5 10. Nd5 Nxd5 11. cxd5 f4 12. d6 cxd6 13. Qd5+ Kh8 14. Qxd6 Nc6 15. Nh4 Nd4 16. Bd5 Bh3 17. Rfd1 Nxe2+ 18. Kh1 fxg3 19. fxg3 Rc8 20. Bxb7 Rc2 21. Be4 Rxb2 22. Rab1 Rxb1 23. Rxb1 Nc3 24. Bc6 Nxb1 0-1

[Event "New England op 53rd"]
[Site "Lowell"]
[Date "1993.09.04"]
[Round "2"]
[White "Nute, Gary Alan"]
[Black "Hertan, Charles E"]
[Result "1/2-1/2"]
[WhiteElo "2230"]
[BlackElo "2462"]
[PlyCount "105"]
[EventDate "1993.09.??"]
[EventType "swiss"]
[EventRounds "6"]
[EventCountry "USA"]
[SourceTitle "EXT 2001"]
[Source "ChessBase"]
[SourceDate "2000.11.22"]
[SourceVersion "1"]
[SourceVersionDate "2000.11.22"]
[SourceQuality "1"]

1. Nf3 c5 2. g3 Nc6 3. Bg2 e5 4. d3 g6 5. 0-0 Bg7 6. e4 Nge7 7. Be3 d6 8. Qd2 0-0 9. c3 f5 10. Bh6 f4 11. Bxg7 Kxg7 12. Na3 h6 13. d4 cxd4 14. cxd4 Bg4 15. dxe5 dxe5 16. Qxd8 Raxd8 17. Nb5 Bxf3 18. Bxf3 Rd2 19. b3 a6 20. Nc7 Nd4 21. Bg4 h5 22. Bh3 g5 23. Rfd1 Rxd1+ 24. Rxd1 g4 25. Bf1 Rc8 26. Nd5 Nxd5 27. exd5 f3 28. Bd3 Kf6 29. Be4 b6 30. Kf1 Ke7 31. Ke1 Kd6 32. Kd2 a5 33. Rc1 Rh8 34. h4 b5 35. Kd3 b4 36. Rc4 Rf8 37. Bg6 Kxd5 38. Bxh5 e4+ 39. Kd2 Nf5 40. Bxg4 Nxg3 41. fxg3 f2 42. Bh3 f1Q 43. Bxf1 Rxf1 44. Ke2 Rf3 45. g4 Rf4 46. a3 bxa3 47. Ra4 Rxg4 48. Rxa5+ Kd4 49. Ra4+ Ke5 50. Rxa3 Rxh4 51. Ra8 Rh2+ 52. Ke3 Rh3+ 53. Ke2 1/2-1/2

[Event "Billerica op 2nd"]
[Site "Billerica"]
[Date "1988.04.30"]
[Round "2"]
[White "Fang, Joseph"]
[Black "Nute, Gary Alan"]
[Result "0-1"]
[WhiteElo "2442"]
[BlackElo "2242"]
[PlyCount "92"]
[EventDate "1988.04.??"]
[EventType "swiss"]
[EventRounds "4"]
[EventCountry "USA"]
[SourceTitle "EXT 2005"]
[Source "ChessBase"]
[SourceDate "2004.11.15"]
[SourceVersion "1"]
[SourceVersionDate "2004.11.15"]
[SourceQuality "1"]

1. c4 e5 2. Nc3 Nf6 3. g3 c6 4. Nf3 e4 5. Nd4 d5 6. cxd5 cxd5 7. d3 Bc5 8. Nb3 Bb4 9. dxe4 Nxe4 10. Bd2 Nxd2 11. Qxd2 0-0 12. Bg2 Be6 13. 0-0 Nc6 14. Rfd1 Qe7 15. a3 Bxc3 16. Qxc3 Rfd8 17. Nd4 Rac8 18. Nxc6 Rxc6 19. Qe3 Qf6 20. Rd4 h6 21. Rad1 Rcd6 22. Qf4 Qxf4 23. Rxf4 d4 24. Bxb7 g5 25. Re4 Rb6 26. Rxe6 fxe6 27. Bf3 Rxb2 28. Bg4 Kf7 29. Rc1 Ke7 30. Rc6 Rb6 31. Rc7+ Rd7 32. Rc8 Ra6 33. Rh8 Rxa3 34. Rh7+ Kd6 35. Rxh6 Re7 36. Rg6 Ra5 37. h4 Rb5 38. hxg5 a5 39. Rg8 a4 40. f4 Ra5 41. g6 Raa7 42. Rb8 a3 43. Rb1 a2 44. Ra1 Reb7 45. g7 Rxg7 46. Bf3 Kc5 0-1

[Event "West Suburban Winter GP"]
[Site "USA"]
[Date "1988.01.31"]
[Round "?"]
[White "Hertan, Charles E"]
[Black "Nute, Gary Alan"]
[Result "1-0"]
[WhiteElo "2431"]
[BlackElo "2223"]
[PlyCount "115"]
[EventDate "1988.??.??"]
[EventType "swiss"]
[EventRounds "5"]
[EventCountry "USA"]
[SourceTitle "EXT 2005"]
[Source "ChessBase"]
[SourceDate "2004.11.15"]
[SourceVersion "1"]
[SourceVersionDate "2004.11.15"]
[SourceQuality "1"]

1. d4 Nf6 2. c4 c5 3. d5 b5 4. Nf3 bxc4 5. Nc3 g6 6. e4 d6 7. Bxc4 Nbd7 8. 0-0 Bg7 9. h3 0-0 10. Bf4 Qa5 11. Qe2 Rb8 12. Rab1 Nb6 13. Bd3 Bd7 14. Bd2 Na4 15. Nd1 Qc7 16. b3 Nb6 17. Rc1 e6 18. dxe6 Bxe6 19. Ng5 Bc8 20. Bc4 Nh5 21. Be3 Qe7 22. Nf3 Bb7 23. Nd2 Rbc8 24. Ba6 Bxa6 25. Qxa6 Rc7 26. Qd3 Rd8 27. Nc3 Rcd7 28. Nd5 Nxd5 29. Qxd5 Re8 30. Qd3 Qh4 31. Rxc5 Nf6 32. Rc4 Qh5 33. Rfc1 d5 34. Rc8 Red8 35. Rxd8+ Rxd8 36. Bxa7 Qg5 37. Be3 Qh4 38. exd5 Nxd5 39. Nc4 Qe7 40. Rd1 Bf6 41. Qe2 Nb4 42. Rxd8+ Qxd8 43. Qg4 Qa8 44. a3 Nd5 45. Qf3 Qd8 46. Qd1 Qa8 47. Qf3 Qd8 48. g3 Nc3 49. Kg2 Be7 50. Bb6 Qd5 51. Qxd5 Nxd5 52. Bd4 Kf8 53. Kf3 Ke8 54. Ke4 Nc7 55. a4 Ne6 56. Kd5 Kd7 57. Ne5+ Ke8 58. Bb6 1-0

[Event "Framingham op"]
[Site "Framingham"]
[Date "1987.09.19"]
[Round "1"]
[White "Fanning, John W"]
[Black "Nute, Gary Alan"]
[Result "0-1"]
[WhiteElo "1584"]
[BlackElo "2241"]
[PlyCount "36"]
[EventDate "1987.09.19"]
[EventType "swiss"]
[EventRounds "4"]
[EventCountry "USA"]
[SourceTitle "EXT 2023"]
[Source "ChessBase"]
[SourceDate "2022.10.05"]
[SourceVersion "1"]
[SourceVersionDate "2022.10.05"]
[SourceQuality "1"]

1. g3 e5 2. Bg2 Nf6 3. d3 d5 4. Nc3 Bc5 5. e4 Bg4 6. Nge2 c6 7. 0-0 0-0 8. Kh1 dxe4 9. Nxe4 Nxe4 10. Bxe4 f5 11. Bg2 Nd7 12. Be3 f4 13. Bxc5 f3 14. Bxf8 fxe2 15. Qd2 exf1Q+ 16. Rxf1 Qxf8 17. Qe3 Qc5 18. Qg5 Be2 0-1

[Event "US Open-87"]
[Site "Somerset"]
[Date "1986.??.??"]
[Round "2"]
[White "Gurevich, Dmitry"]
[Black "Nute, Gary Alan"]
[Result "1-0"]
[WhiteElo "2475"]
[BlackElo "2225"]
[PlyCount "57"]
[EventDate "1986.08.03"]
[EventType "swiss"]
[EventRounds "12"]
[EventCountry "USA"]
[SourceTitle "EXT 2013"]
[Source "ChessBase"]
[SourceDate "2012.11.22"]
[SourceVersion "1"]
[SourceVersionDate "2012.11.22"]
[SourceQuality "1"]

1. d4 Nf6 2. c4 c5 3. d5 b5 4. Nf3 g6 5. cxb5 a6 6. e3 Bg7 7. Nc3 0-0 8. a4 d6 9. e4 axb5 10. Bxb5 Ba6 11. Bd2 Nbd7 12. 0-0 Ne8 13. Re1 Nc7 14. Bc6 Rb8 15. Qc1 Nb6 16. Bh6 Nc4 17. Bxg7 Kxg7 18. Nb5 Nb6 19. Qc3+ Kg8 20. Qa5 Nba8 21. b4 cxb4 22. Qxb4 Nxb5 23. axb5 Qb6 24. Qd4 Bb7 25. Qxb6 Nxb6 26. Ra7 Bxc6 27. dxc6 Nc8 28. Rb7 Ra8 29. h3 1-0